Представление документа в формате MARC21

Поле Инд. ПП Название Значение
Тип записи a
Библиографический уровень m
001 _ Контрольный номер RU\infra-m\znanium\bibl\1033347
005 _ Дата корректировки 20250915104131.3
008 Кодируемые данные 190913s2019 RU g rus u
020 a ISBN 978-5-905554-18-6
020 a ISBN 978-5-16-101709-8
020 a ISBN 978-5-16-006066-8
040 a Служба первич. каталог. Общество с ограниченной ответственностью «ЗНАНИУМ»
041 a Код языка текста rus
044 a Код страны публикации RU
080 a Индекс УДК 721.021.22(075.8)
084 2 Источник индекса rubbk
a Индекс другой классификации/Индекс ББК 30.119я73
084 2 Источник индекса okso
a Индекс другой классификации/Индекс ББК 50.04.03
084 2 Источник индекса okso
a Индекс другой классификации/Индекс ББК 54.04.02
084 2 Источник индекса okso
a Индекс другой классификации/Индекс ББК 07.04.01
084 2 Источник индекса okso
a Индекс другой классификации/Индекс ББК 44.03.01
084 2 Источник индекса okso
a Индекс другой классификации/Индекс ББК 50.03.03
084 2 Источник индекса okso
a Индекс другой классификации/Индекс ББК 51.03.02
084 2 Источник индекса okso
a Индекс другой классификации/Индекс ББК 54.03.03
084 2 Источник индекса okso
a Индекс другой классификации/Индекс ББК 07.03.01
100 1_ a Автор Жилкина Зоя Викторовна
q Полное имя Зоя Викторовна
245 a Заглавие Рисунок в Московской архитектурной школе. История. Теория. Практика
b Продолж. заглавия Учебное пособие
c Ответственность Информационно-технологический центр Москомархитектуры
250 a Основные сведения об издании 1
260 a Место издания Москва
b Издательство ООО "КУРС"
c Дата издания 2019
300 a Объем 112 с.
520 a Аннотация Автор - архитектор и педагог, профессор кафедры Рисунка Московского архитектурного института. Обобщает вековой уникальный опыт преподавания рисунка для зодчих в Московской архитектурной школе начиная со времен Д.В. Ухтомского (с 1749 г.). Привлекает внимание к замечательным достижениям в рисунке зарубежных мастеров эпохи Возрождения. Отстаивает свой взгляд на проблемы архитектурного образования. Опираясь на многолетний опыт педагогической работы предлагает новые инновационные методы обучения рисунку.
521 a Примеч. о целев. назн. ВО - Бакалавриат
650 a Основная рубрика Архитектура. Искусство. Культура
x Основная подрубрика Теория и история архитектуры
852 x Примечание, не предназначенное для пользователя znanium2022
856 4_ a Имя сервера/домена znanium.com
m Помощь ebs_support@infra-m.ru
n Местонахождение сервера НИЦ ИНФРА-М
u URL http://znanium.com/catalog/document?id=343879
z Примечание для пользователя Участвует в КО
856 41 a Имя сервера/домена znanium.com
d Путь /cover/1033
f Электронное имя 1033347.jpg
q Тип электронного формата image/jpeg
u URL https://znanium.com/cover/1033/1033347.jpg